[Event "Cannes mT"]
[Site "Cannes"]
[Date "1996.??.??"]
[Round "3"]
[White "Relange, Eloi"]
[Black "Kortschnoj, Viktor Lvovich"]
[Result "1/2-1/2"]
[WhiteElo "2460"]
[BlackElo "2645"]
[Annotator "Dautov,R"]
[PlyCount "77"]
[EventDate "1996.02.??"]
[EventType "schev"]
[EventRounds "5"]
[EventCountry "FRA"]
[SourceTitle "CBM 051 Extra"]
[Source "ChessBase"]
[SourceDate "1996.05.01"]
[SourceVersion "1"]
[SourceVersionDate "1996.05.01"]
[SourceQuality "1"]

1. d4 Nf6 2. c4 e6 3. Nc3 Bb4 4. Qc2 d5 5. cxd5 Qxd5 6. Nf3 Qf5 7. Qxf5 exf5 8.
a3 Ba5 $6 {N} (8... Be7 9. Ne5 $5 (9. b4 c6 10. e3 Be6 11. Bd3 Nbd7 12. Ng5 Nd5
13. Nxe6 fxe6 14. Bd2 g6 15. Ke2 Bf6 16. Rab1 Nxc3+ 17. Bxc3 e5 18. dxe5 Bxe5
19. Bd2 $14 {Alterman,B-Hamdouchi,H/Cap d'Agde (06.1.4) ;EXP 43 1994}) 9... c6
10. g3 Nbd7 11. Nd3 $1 Nb6 12. Bg2 O-O 13. O-O Rd8 14. e3 Nbd5 15. Nxd5 Nxd5
16. Bd2 a5 17. Rfc1 $14 {Chabanon,J-Frendzas,P/Peristeri (03) ;CBM 46 1994}) (
8... Bd6 $1 9. e3 (9. Nb5 Be6 $1 10. Nxd6+ cxd6 $15) 9... Nbd7 10. Bd2 c6 11.
Bd3 Nb6 12. b4 O-O 13. O-O g6 14. b5 c5 15. a4 Be6 16. Rfc1 Rac8 {1/2-1/2
Alterman,B-Davies,N/Rishon_le_Zion 1994}) 9. b4 Bb6 10. e3 a5 (10... c6 $5) 11.
b5 $14 Be6 12. Bd3 (12. Ng5 $5 Bb3 13. a4 (13. Rb1 a4) 13... h6 14. Ra3 Bc2 15.
Ra2 Bb3 16. Rb2 Be6 (16... hxg5 17. Rxb3 $14) 17. Nxe6 fxe6 18. g3 Nbd7 19. Bg2
O-O-O 20. f4 $14) 12... h6 13. Bb2 O-O 14. Na4 Nbd7 15. Rc1 Rfc8 16. O-O $2 (
16. Nxb6 Nxb6 (16... cxb6 $2 17. Ke2 $16) 17. Nd2 $14) (16. Nc5 $5 Bxc5 17.
dxc5 $14) 16... Ne4 17. Bxe4 fxe4 18. Nd2 f5 $10 19. Nc4 (19. Nxb6 cxb6 $10 {
ץb2}) 19... Ba7 20. Rfd1 (20. Nxa5 $2 Bxd4 21. Nxb7 Bxb2 22. Nxb2 Ra7 $1 (
22... Rxa3 $6 23. Nd6) 23. Nd6 Rb8 24. Ndc4 Rxb5 $15) 20... Nf6 21. Nxa5 (21.
Nc5 Bd5 $10) 21... Bxd4 22. Bxd4 Rxa5 23. Nc5 Kf7 24. b6 (24. Nxb7 Rxa3 (24...
Rxb5 $2 25. Rxc7+ Rxc7 26. Nd6+ $16) 25. b6 Rd3 $10) 24... Bd5 (24... cxb6 $4
25. Nxe6 Rxc1 26. Nd8+ Ke7 27. Rxc1 $18) 25. Bxf6 gxf6 26. Rxd5 (26. bxc7 Bc6 (
26... Rxc7 $2 27. Rxd5 b6 $2 28. Rd7+ $18) 27. Nb3 Re5 $1 (27... Rxa3 28. Nd4
Ra6 (28... Rxc7 $4 29. Nb5 $18) 29. Nxf5 Rxc7 30. Nd6+ Kg6 31. Nxe4 $16) (27...
Ra6 28. Nd4 Rxc7 29. Nxf5 $14) 28. Nc5 Re7 29. Na6 Bd7 30. Nc5 (30. Nb4 Be6 $10
) 30... Bc6 $10) 26... cxb6 27. Rd7+ Ke8 28. Rxb7 Raxc5 29. Rf1 b5 30. h4 R8c7
31. Rxc7 Rxc7 32. Rd1 Rc5 33. Rd6 Kf7 34. Kh2 Rc2 35. Kg3 Kg6 36. Rb6 Rb2 37.
a4 b4 38. a5 h5 39. a6 1/2-1/2

[Event "Leonid Stein Memorial"]
[Site "Lvov"]
[Date "2000.05.12"]
[Round "1"]
[White "Kortschnoj, Viktor Lvovich"]
[Black "Gelfand, Boris"]
[Result "1/2-1/2"]
[WhiteElo "2659"]
[BlackElo "2692"]
[Annotator "Gelfand,B"]
[PlyCount "84"]
[EventDate "2000.05.12"]
[EventType "tourn"]
[EventRounds "10"]
[EventCountry "UKR"]
[EventCategory "17"]
[SourceTitle "CBM 077"]
[Source "ChessBase"]
[SourceDate "2000.07.27"]
[SourceVersion "1"]
[SourceVersionDate "2000.07.27"]
[SourceQuality "1"]

1. d4 Nf6 2. c4 e6 3. Nc3 Bb4 4. e3 O-O 5. Nge2 d5 6. a3 Be7 7. Nf4 c6 8. h3
Nbd7 9. cxd5 Nxd5 10. Nfxd5 exd5 (10... cxd5 11. Bd3 Nf6 12. g4 Bd7 13. f4 Bc6
14. Qf3 Rc8 15. g5 Ne4 16. Nxe4 dxe4 17. Bxe4 Bxe4 18. Qxe4 Qd5 19. Qxd5 exd5
20. Kd2 {1-0 Kortschnoj,V-Nedeljkovic,S/Kiev 1959/MCL (50)}) 11. Bd3 Re8 12.
Qc2 Nf6 13. g4 $146 (13. Bd2 b6 14. b4 Bb7 15. O-O h6 16. Rfc1 Qd6 17. Rab1 g5
18. e4 dxe4 19. Nxe4 Nxe4 20. Bxe4 Rac8 21. Be3 {1-0 Djantar,D-Suvalic/Zagreb
1961/MCD (46)}) 13... g6 (13... Bd6 $5 14. g5 $140 Nh5 15. Bxh7+ Kh8 16. Rg1 g6
17. Bxg6 fxg6 18. Qxg6 Nf4 19. Qh6+ Kg8 20. g6 Qe7 21. g7 (21. e4 Nd3+) 21...
Bf5 22. Ne2 Nd3+) (13... h6) 14. Bd2 (14. Kf1 $5) (14. f3 $5) 14... c5 15. Kf1
Bf8 (15... a6 $5) 16. Rd1 $2 (16. f3 b6 $13 (16... c4 17. Be2 Bh6 18. f4))
16... c4 17. Be2 Rb8 18. b3 (18. Bf3 b5) 18... b5 19. Rb1 (19. b4 a5 $17) 19...
a6 $2 (19... Bxa3 $1 20. Qa2 (20. bxc4 dxc4 21. Bxc4 Bb7) 20... b4 $1 21. bxc4
dxc4 22. Bxc4 bxc3 (22... Bb7 $5 23. Bxf7+ Kg7 (23... Kh8 24. Bxe8 Bxh1 (24...
Qxe8 25. d5) 25. Bf7 bxc3 26. Rxb8 Qxb8 27. Bxc3 $17) 24. Bxe8 Qxe8 25. d5 bxc3
(25... Qd7 26. e4) 26. Qxa3 Qe4 $3 27. Bxc3 Qxb1+ 28. Kg2 Bxd5+ 29. Kg3 Qe4 $19
) 23. Rxb8 cxd2 24. Bxf7+ Kg7 25. Kg2 Rf8 $17) 20. Qa2 Bb7 (20... Be6 21. f3)
21. h4 (21. Bf3 Rc8 $15) 21... Qd6 22. g5 (22. b4 Ne4 23. Nxe4 dxe4) 22... Ne4
23. Nxe4 Rxe4 $15 24. a4 (24. Bb4 Qd7) 24... Qd7 25. f3 Ree8 (25... Re6 26. Kf2
Rbe8 $5) 26. Kf2 Bd6 (26... Rbc8 27. Qb2) 27. Qc2 $2 (27. axb5 axb5 28. Qc2 $15
(28. bxc4 dxc4 29. Qc2 $17 (29. e4 Rxe4 30. fxe4 Bxe4 31. Rbf1 Re8 $40) 29...
Bc7)) 27... cxb3 28. Rxb3 bxa4 29. Rb6 Rec8 30. Qd3 Bc6 31. Qxa6 Rxb6 32. Qxb6
Rb8 33. Qa5 a3 34. f4 Ra8 35. Qb6 Rb8 36. Qa5 Ra8 $2 (36... Qb7 37. Qc3 Bd7 $17
) 37. Qb6 Qb7 38. Rb1 $1 Qd7 (38... a2 39. Qxb7 Bxb7 40. Ra1 Bc6 41. Bf3) 39.
Bg4 $1 Qxg4 (39... Qe8 40. Rc1 a2 41. Ra1 $11 Ra3 $140 42. Bc1 Ra4 43. Bd1) 40.
Qxc6 Qxh4+ 41. Kg2 Qg4+ 42. Kf2 Qh4+ (42... Rd8 43. Qxd5 Be7 (43... Qc8 44. Rb7
) 44. Qe5 $11) 1/2-1/2

[Event "Hoogovens"]
[Site "Wijk aan Zee"]
[Date "1980.01.16"]
[Round "2"]
[White "Seirawan, Yasser"]
[Black "Kortschnoj, Viktor Lvovich"]
[Result "1-0"]
[WhiteElo "2510"]
[BlackElo "2695"]
[Annotator "ChessBase"]
[PlyCount "77"]
[EventDate "1980.01.15"]
[EventType "tourn"]
[EventRounds "13"]
[EventCountry "NED"]
[EventCategory "11"]
[SourceTitle "MainBase"]
[Source "ChessBase"]
[SourceDate "1999.07.01"]
[SourceVersion "2"]
[SourceVersionDate "1999.07.01"]
[SourceQuality "1"]

1. c4 Nf6 2. Nc3 e6 3. e4 d5 4. e5 d4 5. exf6 dxc3 6. bxc3 Qxf6 7. d4 c5 8. Nf3
h6 9. Bd3 cxd4 10. cxd4 Bb4+ 11. Kf1 $5 (11. Bd2 Bxd2+ 12. Qxd2 Nc6 13. Qe3 $14
{[+],Hort}) 11... Nc6 (11... Bc3 $6 12. Rb1 Bxd4 (12... O-O 13. Bc2 $16) 13.
Nxd4 Qxd4 14. Bb2 $16) 12. Bb2 Bc5 (12... O-O 13. Qe2 Qd8 14. Rd1 {/\Bb1,h4,
Qe4->}) 13. Bc2 (13. Be4 $5 O-O 14. Qd2 Bb4 $8 15. Qe2 Qe7 $14 {[+]} (15... Rd8
$2 16. d5 Bc3 17. dxc6 Bxb2 18. Rb1 bxc6 19. Rxb2 $18)) 13... O-O 14. Qd3 Rd8 (
14... g6 $2 15. Rb1 Bd6 16. d5 Ne5 17. Qe2 $18) 15. Rd1 $1 (15. Qh7+ Kf8 16.
Rd1 Nxd4 $1 17. Nxd4 Rxd4 $1 (17... Bxd4 $2 18. Qh8+ Ke7 19. Qxd8+ Kxd8 20.
Bxd4 $18) 18. Bxd4 Bxd4 $13) 15... Kf8 16. Qe4 Bd6 17. h4 $1 {/\h5,Rh4-g4} (17.
g3 $14 {/\Kg2,Rhe1}) 17... Qf5 18. Qe2 $5 (18. Qxf5 $14 {_|_}) 18... Qa5 19.
Bb3 Ne7 20. h5 b6 (20... Ba3 $142 21. Ba1 (21. Bxa3 $5 Qxa3 22. Ne5 $36) 21...
Bb4 22. Rd3 b6 $5 $132) 21. Qe4 Ba6 (21... Rb8 $5) 22. d5 $1 exd5 (22... Ba3 $5
$8) (22... Nxd5 23. Qh7 f6 (23... Nc3 24. Rxd6 $18) 24. Nd4 Nc7 (24... Re8 25.
Nxe6+ $1 Rxe6 26. Qh8+ $18) 25. Nc6 Qg5 $16) 23. Qh7 f6 (23... dxc4 24. Bxg7+
Ke8 25. Bc2 Qxa2 26. Ne5 $18) 24. Kg1 $1 Bxc4 (24... dxc4 25. Bc2 Kf7 (25... c3
26. Bb3 $1 $18) 26. Bg6+ Nxg6 27. hxg6+ Ke8 28. Qxg7 $18) 25. Rh4 Bxb3 26. axb3
{/\Rg4} Kf7 (26... Qa2 27. Rg4 Qxb2 28. Rxg7 Ke8 29. Re1 Kd7 $8 (29... Qa3 30.
Nd4 Kd7 31. Qf5+ Ke8 (31... Kc7 32. Rexe7+ Bxe7 33. Nb5+ $18) 32. Rg8+ $18) 30.
Rexe7+ Bxe7 31. Rxe7+ Kd6 32. Rc7 $1 $18) 27. Rg4 Rg8 28. Re1 {/\29.Bxf6 Kxf6
30.Rg6!+-} d4 $8 29. Rxd4 Be5 (29... Rad8 30. Qd3 Nc8 31. Qc4+ Kf8 32. Rxd6 $1
Nxd6 33. Qc7 $18) 30. Rd7 (30. Nxe5+ fxe5 31. Rde4 $18) 30... Qxe1+ $8 (30...
Rad8 31. Rxe7+ Kxe7 32. Bxe5 $18) 31. Nxe1 Bxb2 32. Nd3 Ba3 33. Nf4 Rgd8 34.
Qg6+ (34. Qd3 $5) 34... Kg8 35. Qd3 Rxd7 36. Qxd7 Rc8 37. Kh2 $1 Kf7 38. Ng6
Ra8 $2 $138 (38... Rc2 39. Nh8+) (38... Re8 39. Qxa7 Bd6+ (39... Bc5 40. b4
Bxb4 41. Qa2+) 40. Kh3 $18) 39. Nxe7 (39. Nxe7 Bxe7 40. Qd5+ $18) 1-0

[Event "OHRA-A"]
[Site "Amsterdam"]
[Date "1990.??.??"]
[Round "9"]
[White "Portisch, Lajos"]
[Black "Kortschnoj, Viktor Lvovich"]
[Result "1-0"]
[WhiteElo "2590"]
[BlackElo "2630"]
[Annotator "Ftacnik,L"]
[PlyCount "65"]
[EventDate "1990.07.??"]
[EventType "tourn"]
[EventRounds "10"]
[EventCountry "NED"]
[EventCategory "14"]
[SourceTitle "CBM 020"]
[Source "ChessBase"]
[SourceDate "1991.02.01"]
[SourceVersion "1"]
[SourceVersionDate "1991.02.01"]
[SourceQuality "1"]

1. d4 Nf6 2. c4 g6 3. Nc3 d5 4. Bf4 Bg7 5. Rc1 O-O 6. e3 c6 7. Nf3 Be6 8. Ng5
Bf5 9. Be2 (9. h3 h6 10. Nf3 Qb6 11. Qd2 Nbd7 12. cxd5 Nxd5 13. e4 $2 Nxc3 14.
exf5 Ne4 15. Qe3 Qb4+ 16. Kd1 gxf5 $17 {Van Wely,L-Mohr,S/Amsterdam OHRA-B/
1989/ ->CBM 14}) 9... h6 10. Nf3 dxc4 (10... Qb6 11. Qd2 Nbd7) 11. Bxc4 Nbd7
12. h3 g5 (12... c5 13. g4 $5) 13. Bh2 c5 14. O-O Rc8 15. Qe2 (15. d5 a6 16. a4
b5 17. axb5 Nb6 18. b3 axb5 19. Nxb5 Nfxd5) 15... cxd4 16. Nxd4 Bg6 17. Bd3 {
xf5} (17. Rfd1 Qb6) 17... Bxd3 18. Qxd3 Nc5 19. Qb1 Nd5 (19... e6 20. Ndb5 $16)
20. Rfd1 (20. Nf5 Nxc3 21. bxc3 e6 22. Rfd1 Qf6 $13) 20... Bxd4 21. Rxd4 Nxc3
22. Rxc3 Qb6 (22... Qe8 $2 23. Rdc4 b6 24. b4 $18) 23. Qc2 Rc6 24. b4 Ne6 25.
Rxc6 bxc6 (25... Nxd4 26. Rxb6 Nxc2 27. Rxb7 $18) (25... Qxc6 26. Qxc6 bxc6 27.
Rd7 $16) 26. Rc4 a5 $6 (26... Rc8) 27. Rxc6 (27. bxa5 Qxa5 28. Rxc6 Qe1#) 27...
Qxb4 28. Be5 Ng7 (28... Nd8 29. Rg6+ $18) 29. Rxh6 f6 30. Qh7+ Kf7 31. Qg6+ Kg8
32. Rh7 Rf7 33. Kh2 $1 {Ftacnik,L} (33. Qh6 $2 Qb1+ 34. Kh2 Qxh7) (33. Kh2 $1
fxe5 34. Qh6 $18) 1-0

[Event "OHRA-A"]
[Site "Amsterdam"]
[Date "1990.??.??"]
[Round "5"]
[White "Beliavsky, Alexander G"]
[Black "Kortschnoj, Viktor Lvovich"]
[Result "1/2-1/2"]
[WhiteElo "2605"]
[BlackElo "2630"]
[Annotator "Ftacnik,L"]
[PlyCount "76"]
[EventDate "1990.07.??"]
[EventType "tourn"]
[EventRounds "10"]
[EventCountry "NED"]
[EventCategory "14"]
[SourceTitle "CBM 020"]
[Source "ChessBase"]
[SourceDate "1991.02.01"]
[SourceVersion "1"]
[SourceVersionDate "1991.02.01"]
[SourceQuality "1"]

1. d4 Nf6 2. c4 e6 3. Nc3 Bb4 4. f3 c5 5. d5 d6 6. e4 O-O 7. Nge2 $5 (7. Bd3 b5
8. Nge2 exd5 9. cxd5 a6 10. O-O Nbd7 11. Kh1 Re8 12. g4 $14 {Flear,G-Kosten,A/
BCF-ch/1989/ ->CBM 15}) 7... Nh5 (7... b5 8. Ng3 bxc4 9. Bxc4 Ba6 10. Bxa6 Nxa6
11. dxe6 fxe6 12. O-O $14) 8. g4 Qh4+ (8... Bxc3+ 9. bxc3 Qh4+ 10. Kd2 Nf6 11.
Qe1 Qxe1+ 12. Kxe1 Nbd7 13. Ng3 Nb6 14. Bf4 Rd8 15. Kd2 Ne8 16. Bd3 Bd7 17. h4
$14 {Georgadze,G-Vaganian,R/URS-56ch/1989/ ->TD89_09}) 9. Kd2 Nf6 10. Qe1 Qxe1+
11. Kxe1 Nbd7 12. Ng3 b5 (12... Ne5 13. Be2 (13. Kf2 $5 Bxc3 14. bxc3 b5 15. g5
Nfd7 16. cxb5 exd5 17. exd5 Nb6 18. f4 Ng4+ 19. Kf3 $14) 13... b5 14. g5 Nfd7
15. cxb5 exd5 16. exd5 Nb6 (16... Bb7 17. Nf5) 17. f4 Ng6 $13) 13. g5 Ne8 14.
cxb5 exd5 15. exd5 Nb6 (15... f6 16. Nf5 (16. Bh3 Ne5 17. Bxc8 Rxc8 18. f4 Nd3+
19. Ke2 c4 $36) 16... fxg5 17. Ne7+ Kf7 18. Nc6 $13) 16. Kf2 (16. Bd2 $5 Bxc3
17. bxc3 Nxd5 18. Bd3) 16... Bxc3 17. bxc3 Nxd5 18. Bd2 a6 19. a4 axb5 20. Bxb5
Ndc7 21. c4 f6 22. Rhe1 Ra7 $1 (22... fxg5 23. Bxg5 Nf6 24. Red1 $1 $14) 23.
Ne4 Bb7 24. gxf6 (24. a5 fxg5 25. Bxg5 Bxe4 26. Rxe4 d5 27. Re7 (27. Re5 Nf6)
27... Nd6 $13) 24... Bxe4 25. Rxe4 Nxf6 26. Re2 d5 27. Kg2 d4 (27... Kf7 $5 {
/\ Ne6-d4}) 28. Re5 Nxb5 29. cxb5 c4 30. a5 (30. Bb4 $1 Rb8 31. Bc5 (31. a5 c3
32. Bc5 (32. Kf2 $5 c2 33. Ke2) 32... Rd7 33. a6 d3 34. a7 Ra8 35. b6 d2 $132)
31... Rxb5 32. Bxa7 Rxe5 33. Bxd4 $14) 30... c3 31. Be1 Rb8 32. a6 c2 33. Bd2
Kf7 34. Kf2 Nd7 35. Rd5 Ke6 36. Rxd4 Rxb5 37. Rc4 Rb1 38. Ra2 Rb6 {Ftacnik,L}
1/2-1/2

[Event "Donetsk m"]
[Site "Donetsk"]
[Date "2001.01.16"]
[Round "1"]
[White "Ponomariov, Ruslan"]
[Black "Kortschnoj, Viktor Lvovich"]
[Result "1/2-1/2"]
[WhiteElo "2677"]
[BlackElo "2639"]
[Annotator "Ponomariov,R"]
[PlyCount "181"]
[EventDate "2001.01.16"]
[EventType "match"]
[EventRounds "8"]
[EventCountry "UKR"]
[SourceTitle "CBM 081"]
[Source "ChessBase"]
[SourceDate "2001.03.20"]
[SourceVersion "1"]
[SourceVersionDate "2001.03.20"]
[SourceQuality "1"]

1. e4 e5 2. Nf3 Nc6 3. Bb5 a6 4. Ba4 Nf6 5. O-O Nxe4 6. d4 b5 7. Bb3 d5 8. dxe5
Be6 9. Be3 Be7 10. c3 Qd7 (10... Nc5 {Khalifman - Korchnoi, Ubeda1997}) 11.
Nbd2 Nxd2 $6 (11... Bg4 12. Nxe4 dxe4 13. Qd5 Qxd5 14. Bxd5 O-O-O 15. Bxc6 exf3
16. gxf3 $16 {Lautier-Korchnoi, Ubeda 1997}) (11... Rd8 $5 {Timman-Korchnoi,
1987; Anand-Korchnoi, Monte-Carlo 1993 blindfold}) (11... O-O $142 {(main line)
}) 12. Qxd2 Na5 13. Bg5 Nc4 $146 (13... c5) 14. Bxc4 bxc4 15. b4 $1 {><d4} cxb3
16. axb3 O-O (16... c5 $5 17. Ra5 $1 (17. b4 cxb4 18. cxb4 O-O $132 {קb4})
17... O-O 18. Rfa1 Rab8 19. R1a3 Bg4 20. Rxa6 Bxf3 21. gxf3 Bxg5 22. Qxg5 d4
23. Rd6 $16) 17. b4 c5 18. Bxe7 Qxe7 19. bxc5 Qxc5 20. Qd3 $6 (20. Nd4 $142
Rfc8 21. Rac1 a5 22. Kh1 $1 (22. f4 Bf5) 22... a4 23. f4 a3 24. f5 Bd7 25. f6 (
25. e6 fxe6 26. fxe6 Be8 27. Nf5 Bg6 $17 28. Qxd5 $140 Bxf5 29. Qxf5 Qxf5 30.
Rxf5 a2 31. Ra1 Rxc3) 25... a2 (25... Re8 26. fxg7 Rxe5 27. Rxf7 Kxf7 28. Qf4+
Kg8 29. Qxe5 a2 30. Ra1 $16) 26. Ra1 (26. Qg5 Qf8 $13) 26... Re8 27. Rxa2 Rxa2
28. Qxa2 Rxe5 29. fxg7 Kxg7 30. Qf2 Qe7 31. h3 $36) 20... f6 $6 (20... Rfc8 $1
21. Ng5 g6 22. Nxe6 fxe6 23. Rxa6 Rxa6 24. Qxa6 Qc6 25. Qxc6 Rxc6 26. Rc1 g5
27. Kf1 Rc4 28. f3 Kf7 29. Ke2 Kg6 30. Kd3 Kf5 31. Re1 h5 $11) (20... a5 $5 21.
Ng5 g6 $13 22. Qg3 $140 Bf5 23. Qh4 h5) 21. Rfe1 (21. Rxa6 Bf5 22. Qe2 Rxa6 23.
Qxa6 Qxc3 $11) (21. Nd4 $5 Bd7 22. e6 Bb5 $1 23. Nxb5 axb5 24. Rab1 Rab8 25.
Rfe1 Rfe8 26. Re3 Qc6 27. Rbe1 b4 28. cxb4 Rxb4 29. h3 Rb7 $11) 21... a5 22.
Nd4 Rae8 23. exf6 Rxf6 24. Qb5 Qxb5 25. Nxb5 Bd7 26. Rxe8+ Bxe8 27. Nc7 Bc6 (
27... Rc6 28. Nxe8 Kf7 29. Nxg7 Kxg7 30. g3) 28. Rxa5 Rd6 {/\ 29...d4} 29. f3 (
29. Ra6 d4 $1 30. Nb5 $4 Re6 31. f3 Re1+ 32. Kf2 Rf1+ $19) 29... d4 30. cxd4
Rxd4 31. Ne6 Rd6 32. Nf4 Rd4 33. Ne2 Rd2 34. Kf2 Rb2 35. Ke3 Rb7 (35... Bb5 $5
36. Ng3 $1 (36. Nf4 g5 $132) 36... Bc6 (36... h6 37. Ra8+ Kh7 38. Rb8) 37. Nf5
$16) 36. Rc5 Bd7 37. h4 Ra7 38. Nc3 h6 39. Kf4 Ra6 40. Nd5 Be6 41. Ne3 Ra3 42.
Rc7 (42. g4 $5 Kf7 43. h5 $16 Kf6 $140 44. Nf1 Ra4+ 45. Kg3 Ra2 46. Rc3 Re2 47.
Kf4 Ra2 48. Ng3 Bd5 49. Rd3 Ra4+ 50. Ke3 Ra5 51. Nf5 Rb5 52. Kf4 Ra5 53. Kg3
Rb5 54. Rd4 Ke5 (54... Ra5 $4 55. Rf4 $18) 55. Rf4 Rb7 56. Nh4 Rf7 57. Ra4 Rc7
58. Ng6+ Kf6 59. Rd4 Rc5 60. Rf4+ Ke6 61. Rf5 Kd6 62. Nf4 Bc4 63. Rf8 Rc7 64.
Ng6 Ke6 65. f4 Kd5 66. f5 Ra7 67. f6 gxf6 68. Rxf6 $18 {קh6}) 42... Rd3 43.
Re7 Bd7 44. Nc4 Bb5 45. Ne5 Rd4+ 46. Kg3 (46. Kf5 Bd3+ 47. Nxd3 (47. Ke6 Bc4+)
47... Rxd3 $11) 46... Rd2 $1 $132 47. Ng4 (47. h5 Bf1 48. Re8+ Kh7 49. Ng6
Rxg2+ 50. Kf4 Rxg6 51. hxg6+ Kxg6 $11) 47... Bd7 48. Ne3 Kf8 49. Re4 Kf7 50.
Nc4 Rd5 51. Kf2 Bf5 $4 52. Re3 $4 (52. Rf4 $1 Ke6 (52... g5 53. Rxf5+ Rxf5 54.
Nd6+ Ke6 55. Nxf5 Kxf5 56. Kg3 $18) 53. Ne3 Ra5 (53... Rd2+ 54. Ke1 Rd3 55.
Nxf5 Ke5 56. Rd4 Rxd4 57. Nxd4 Kxd4 58. h5 $1 $18) 54. Rxf5 Rxf5 55. Nxf5 Kxf5
56. g4+ Kf4 57. h5 $1 $18) 52... Rd4 53. Ne5+ Kf6 54. g4 Rd5 $1 55. f4 (55. Nc4
$5) 55... g5 $1 $11 56. gxf5 gxf4 57. Ng4+ Kxf5 58. Nxh6+ Kg6 59. Re6+ Kh5 60.
Kf3 Kxh4 61. Nf7 Rd3+ 62. Kxf4 Rd4+ 63. Kf3 Rd3+ 64. Ke4 Ra3 65. Rg6 Kh3 66.
Ne5 Ra4+ 67. Ke3 Ra3+ 68. Nd3 Kh4 69. Rg8 Kh5 70. Ke4 Kh4 71. Nf2 Ra7 72. Kf3
Rf7+ 73. Kg2 Ra7 74. Ne4 Kh5 75. Kf3 Rf7+ 76. Ke3 Kh6 77. Nd6 Rf6 78. Rd8 Kg6
79. Ke4 Re6+ 80. Kd5 Re7 81. Rg8+ Kh5 82. Nc4 Kh4 83. Ne5 Kh3 84. Ke4 Re6 85.
Kf5 Ra6 86. Nd3 Ra5+ 87. Kf4 Ra4+ 88. Kf3 Kh4 89. Nf2 Kh5 90. Ne4 Kh6 91. Kf4
1/2-1/2

[Event "Hoogeveen Essent Crown"]
[Site "Hoogeveen"]
[Date "2001.10.18"]
[Round "4"]
[White "Bruzon Batista, Lazaro"]
[Black "Kortschnoj, Viktor Lvovich"]
[Result "1-0"]
[WhiteElo "2573"]
[BlackElo "2639"]
[Annotator "Hecht,H"]
[PlyCount "143"]
[EventDate "2001.10.14"]
[EventType "tourn"]
[EventRounds "6"]
[EventCountry "NED"]
[EventCategory "16"]
[SourceTitle "CBM 086"]
[Source "ChessBase"]
[SourceDate "2002.02.05"]
[SourceVersion "1"]
[SourceVersionDate "2002.02.05"]
[SourceQuality "1"]

1. e4 e6 2. d3 d5 3. Nd2 Nf6 4. Ngf3 Be7 5. g3 b5 6. Bg2 Bb7 7. O-O b4 8. e5
Nfd7 9. Re1 c5 10. h4 Nc6 11. Nf1 Qc7 12. Bf4 h6 13. Ne3 Nb6 14. a3 d4 15. Nc4
Nxc4 16. dxc4 O-O-O 17. axb4 cxb4 18. Qd3 Qb6 19. h5 Kb8 20. Nd2 b3 21. Qxb3
Qxb3 22. Nxb3 Nb4 23. Bxb7 Kxb7 24. Re2 g5 25. hxg6 fxg6 26. c3 g5 27. Bd2 d3
28. Re4 Nc2 29. Rc1 Rc8 30. Na1 Nxa1 31. Rxa1 Rhd8 32. b4 Rc6 33. g4 Bf8 34.
Kf1 Rdc8 35. c5 Rd8 36. Ke1 Ra6 37. Rxa6 Kxa6 38. c4 Kb7 39. Be3 a5 40. bxa5
Ra8 41. Kd2 Rxa5 42. Kxd3 Ra3+ 43. Ke2 Ra2+ 44. Kf3 Rc2 45. Rd4 Bxc5 46. Rd7+
Kc6 47. Rd8 Rxc4 48. Bxc5 Kxc5 49. Rd6 Rd4 50. Rxe6 Kd5 51. Rxh6 Kxe5 52. Kg3
Rd5 53. Rg6 Ke4 54. Re6+ Re5 55. Rxe5+ Kxe5 {[#] 2-1 Bauern auf einem Flügel}
56. Kf3 $1 (56. f3 $2 Ke6 57. Kf2 Kd6 58. Ke2 Ke6 $11 {Die zugeordneten Felder
sind die der Fernoppposition}) 56... Kd4 57. Ke2 Ke4 58. f3+ Kd4 59. Kd2 $1 {
Vorentscheidende Opposition, die zu der eine Reihe weiter oben und schließlich
zur Umgehung bzw. f4 führt.} Ke5 60. Ke3 Kd5 (60... Kf6 61. Kd4 Ke6 62. Ke4 Kf6
63. Kd5 {Umgehung}) 61. f4 Ke6 (61... gxf4+ 62. Kxf4 Ke6 63. Kg5 Kf7 64. Kh6
Kf8 65. Kh7 $18) 62. fxg5 (62. f5+ Ke5 63. Kd3 Kd5 64. Kc3 (64. Ke2 Kd6 65. Kd2
Kc6 66. Ke3 Kc5 67. Ke4 Kd6 68. Kd4 $18) 64... Kc5 65. Kb3 Kd5 (65... Kb5 66.
f6 $18) 66. Kb4 Kd6 (66... Kd4 67. f6 $18) 67. Kc4 Kc6 68. Kd4 Kd6 69. Ke4 Ke7
70. Ke5 Kf7 71. f6 $18) 62... Kf7 63. Ke4 Kg6 (63... Kg7 64. Ke5 Kf7 65. Kf5
Kg7 66. g6 Kh6 67. g7 Kxg7 (67... Kh7 68. Kf6 Kg8 69. g5 Kh7 70. g8=Q+ Kxg8 71.
Kg6 $18) 68. Kg5 $18) 64. Kf4 Kh7 65. Kf5 Kg7 66. g6 Kh6 67. g7 Kxg7 68. Kg5
Kh7 69. Kf6 Kh6 70. g5+ Kh7 71. Kf7 Kh8 72. Kg6 $1 (72. Kg6 Kg8 73. Kh6 $1 Kh8
74. g6 $18) 1-0

[Event "Candidates qf2"]
[Site "Brussels"]
[Date "1991.??.??"]
[Round "5"]
[White "Timman, Jan H"]
[Black "Kortschnoj, Viktor Lvovich"]
[Result "1/2-1/2"]
[WhiteElo "2630"]
[BlackElo "2610"]
[Annotator "Blatny,P"]
[PlyCount "82"]
[EventDate "1991.08.??"]
[EventType "match"]
[EventRounds "7"]
[EventCountry "BEL"]
[SourceTitle "Candidates"]
[Source "ChessBase"]
[SourceDate "1999.07.01"]
[SourceVersion "2"]
[SourceVersionDate "1999.07.01"]
[SourceQuality "1"]

1. e4 c5 2. Nf3 Nc6 3. d4 cxd4 4. Nxd4 Nf6 5. Nc3 g6 $5 6. Nxc6 (6. Be2 {Dragon
}) 6... bxc6 (6... dxc6 7. Qxd8+ Kxd8 8. Bc4 $16 Ke8 9. Bf4 (9. e5 Ng4 10. f4
h5 11. Bd2 Bf5 12. h3 Nh6 13. O-O-O Bg7 14. Rhe1 {[+]}) 9... Bg7 10. O-O-O Nd7
11. Bc7 $1 Bxc3 12. bxc3 Kf8 13. Rd2 Kg7 14. Rhd1 {Gligoric-Kristiansen,
Reykjavik 1964}) 7. e5 Ng8 (7... Nd5 8. Nxd5 cxd5 9. Qxd5 Rb8 10. e6 $1 {
/\Qe5+-} f6 11. Bf4 $1 Rb6 (11... Rb4 12. Bd2 Rb6 13. Bb5 Rd6 14. Qc4 $40) 12.
Bb5) 8. Bc4 Bg7 (8... Qa5 9. Bf4 Bg7 10. Qf3 $40) (8... d5 9. exd6 exd6 (9...
Qxd6 10. O-O $36 {Geller-Stein, USSR(ch) 1966}) 10. O-O d5 11. Re1+ Be6 12. Bb3
Bg7 13. Na4 {+/=/+/-}) 9. Bf4 (9. Qf3 f5 (9... e6 10. Bf4 Qc7 11. O-O Bxe5 12.
Nb5 $1 Qb8 (12... cxb5 13. Bxe5 Qxe5 14. Qxa8 $18) 13. Bxe5 Qxe5 14. Rad1 d5
15. Rfe1 Qb8 16. Bxd5 cxd5 17. Qxd5 Kf8 (17... Bb7 18. Qc5 $18) 18. Qd8+ $40)
10. Bf4 Rb8 $1 (10... e6 11. O-O-O {/\h4 ->>>}) (10... Qa5 11. O-O Bxe5 12. b4
Qc7 13. Nb5 Qb8 14. Bxe5 Qxe5 15. Rfe1 Qb8 16. Qc3 $18) 11. O-O (11. O-O-O $6
e6 12. h4 Nh6 {/\Nf7,Rb4 קe5}) 11... e6 12. Rfe1 Qc7 13. Bb3 Ne7 $14) 9... Qa5
10. O-O (10. Qf3 Bxe5 $5 (10... f5 11. O-O Bxe5 12. b4 $1 $18 {-->9.Qf3}) (
10... e6 11. O-O Bxe5 12. b4 Qc7 13. Nb5 Qb8 14. Bxe5 Qxe5 15. Rad1 d5 $8 16.
Rfe1 Qb8 17. Bxd5 $1 $40) (10... f6 11. e6 Nh6 12. O-O-O Qc5 13. exd7+ Bxd7 14.
Qe2 Nf5 15. Rxd7 $18) 11. Bxf7+ Kxf7 12. Bxe5+ Nf6 13. Bxf6 exf6 14. O-O $14)
10... Bxe5 11. Bxe5 Qxe5 12. Re1 Qf4 (12... Qc7 13. Qf3 $40) 13. Re4 Qf6 14.
Re3 $1 {/\Rf3,Ne4->} d5 (14... Nh6 15. Ne4 Qf4 16. g3 Qc7 17. Nd6+ Kd8 (17...
Kf8 18. Qd4 f6 $8 19. Rxe7 $1 Kxe7 20. Re1+ $18) 18. Qd4 Rg8 (18... Rf8 19. Qg7
Rg8 20. Nxf7+ $18) (18... f6 19. Rxe7 $1 $18) 19. Nxf7+ Nxf7 20. Bxf7 Rf8 21.
Qg7 $18) 15. Bxd5 Bf5 (15... cxd5 16. Qxd5 $1 Rb8 17. Ne4 Qg7 $8 18. Rb3 $1
Rxb3 19. Qc6+ $1 $18) 16. Bf3 $2 (16. Re6 $1 {/\17.Bxc6+,18.Bxa8+- _|_}) 16...
h5 17. Qe2 Rb8 18. Na4 Kf8 19. Re1 Rb4 20. b3 Kg7 21. Rc3 $6 (21. c3 Rb7 22.
Qa6 Rc7 23. Qa5 {/\Nc5+- קa7}) 21... Bg4 22. Qe3 Bxf3 23. Qxf3 Qxf3 24. Rxf3
e6 25. Rd1 Nf6 26. c4 Rbb8 27. Rfd3 h4 28. f3 g5 29. Nc5 a5 30. Kf2 g4 31. Rd6
$2 (31. Rd4 $142 gxf3 32. gxf3 {/\Rf4,Rg1+ +/-}) 31... Rbc8 32. Ke3 h3 33. Rg1
(33. g3 $2 gxf3 34. Kxf3 Rh5 $17) 33... hxg2 34. Rxg2 Rh3 35. Rg3 Rxh2 36. fxg4
Rxa2 37. g5 Nh5 38. Rf3 Rg2 39. Rd7 $10 Kg6 40. Rfxf7 Rxg5 41. Ne4 Rg4 (41...
Rg4 42. Rfe7 Rxe4+ 43. Kxe4 Nf6+ 44. Ke5 Nxd7+ 45. Rxd7 Rb8 $10) 1/2-1/2